000 00293nam a22001337a 4500
008 170418b xxu||||| |||| 00| 0 eng d
020 _a9780801677908
041 _aeng
080 _a579
100 _a11
101 _aSHM
245 _aPRINCIPLES MICROBIOLOGY
_cATLAS.R.M
942 _2udc
_cBK
999 _c10950
_d10950